AU LIBRARIES
Centralized Library System Across Seven Campuses

Marketing (Record no. 47507)

MARC details
000 -LEADER
fixed length control field 00511nam a22001937a 4500
005 - DATE AND TIME OF LATEST TRANSACTION
control field 20260505101859.0
008 - FIXED-LENGTH DATA ELEMENTS--GENERAL INFORMATION
fixed length control field 260505b |||||||| |||| 00| 0 eng d
020 ## - INTERNATIONAL STANDARD BOOK NUMBER
ISBN 978-1-285-85834-0
082 ## - DEWEY DECIMAL CLASSIFICATION NUMBER
Classification number 658.8
Author Mark PRI-M
100 ## - MAIN ENTRY--AUTHOR
Author Name Pride, William M. ,
-- O.C. Ferrell
245 ## - TITLE STATEMENT
Title Marketing
250 ## - EDITION STATEMENT
Edition statement 18th Ed
260 ## - PUBLICATION, DISTRIBUTION, ETC.
Place of Publication Center Street Boston, USA
Name of publisher, distributor, etc. Cengage Learning
Date of publication, distribution, etc. 2016
300 ## - PHYSICAL DESCRIPTION
Pages 723 p.
500 ## - GENERAL NOTE
General note Includes Subject Index.
650 ## - SUBJECT ADDED ENTRY--TOPICAL TERM
Subject / Department General management
650 ## - SUBJECT ADDED ENTRY--TOPICAL TERM
Subject / Department Marketing
942 ## - ADDED ENTRY ELEMENTS (KOHA)
Koha item type Book
Holdings
Withdrawn status Lost status Damaged status Not for loan Collection code Permanent Location Current Location Shelving Location Date acquired Source of acquisition Price Inventory number Total Checkouts Full Call Number Accession No./Barcode Date last seen Koha item type
        Management Science Air University Kharian Campus Library Air University Kharian Campus Library Marketing Management 04/09/2026 Ali Book Services 4264.00 KA/10221   658.8 PRI-M AUKHP0642 05/05/2026 Book
Air University Sector E-9, Islamabad Pakistan
Email: librarian@au.edu.pk  Tel : +0092 51 9262612 Ext: 631